| 000 | 01414nam2a2200349 4500 | ||
|---|---|---|---|
| 001 | RU\NLR\bibl\747451 | ||
| 005 | 20250614005111.0 | ||
| 010 |
_a5-8192-0226-0 _9300 |
||
| 021 |
_aRU _b2005-27514 _91384 |
||
| 035 | _a(NLR Aleph) 000737278 | ||
| 090 |
_a800074 _c800074 |
||
| 100 | _a20050412d2005 |||y0rusy50 ca | ||
| 101 | 0 | _arus | |
| 102 | _aRU | ||
| 105 | _ay ||||||||| | ||
| 135 | _acrbn 001anaba | ||
| 200 | 1 | _a1922-1927 гг. | |
| 210 |
_d2005 _aБ. м. |
||
| 215 | _a496 с. | ||
| 320 | _aВспом. указатели: с. 387-472 | ||
| 325 | _aКопия доступна в электронной библиотеке РНБ | ||
| 461 | 0 |
_1001RU\NLR\bibl\127697 _12001#$aБиблиография русской библиографии$vЧ. 2 _9713330 _cСПб. _d2000 _fРос. нац. б-ка _nИзд-во РНБ _oУказ. библиогр. пособий _tБиблиография русской библиографии _vЧ. 2 |
|
| 801 | 0 |
_aRU _bNLR _c20050412 _gPSBO |
|
| 801 | 1 |
_aRU _bNLR _c20050412 |
|
| 901 | _eКнижные издания | ||
| 942 | _cBOOK | ||
| 980 | _aNB | ||
| 981 | 1 | 8 |
_a(18) Планета РНБ _b(18) Труды сотрудников РНБ |
| 981 | 1 | 1 | _a(11) Библиографические указатели |